Library Logo

Pioneer International University Library Catalogue

Cassie & Ike. (Record no. 6794)

MARC details
000 -LEADER
fixed length control field 00863cam a2200277 4500
001 - CONTROL NUMBER
control field 3615153
003 - CONTROL NUMBER IDENTIFIER
control field OSt
005 - DATE AND TIME OF LATEST TRANSACTION
control field 20250901165623.0
008 - FIXED-LENGTH DATA ELEMENTS--GENERAL INFORMATION
fixed length control field 731106s1973 ncu j 000 1 eng
010 ## - LIBRARY OF CONGRESS CONTROL NUMBER
LC control number 73077900
020 ## - INTERNATIONAL STANDARD BOOK NUMBER
International Standard Book Number 0910244707
040 ## - CATALOGING SOURCE
Original cataloging agency DLC
Transcribing agency DLC
Modifying agency DLC
042 ## - AUTHENTICATION CODE
Authentication code lcac
050 00 - LIBRARY OF CONGRESS CALL NUMBER
Classification number PZ 7 .H1965 Cas 1973
Item number Cas
082 00 - DEWEY DECIMAL CLASSIFICATION NUMBER
Classification number [Fic]
100 1# - MAIN ENTRY--PERSONAL NAME
Personal name Hanna, Mary Carr.
245 10 - TITLE STATEMENT
Title Cassie & Ike.
260 ## - PUBLICATION, DISTRIBUTION, ETC.
Place of publication, distribution, etc. Winston-Salem, N.C.,
Name of publisher, distributor, etc. J. F. Blair
Date of publication, distribution, etc. [1973]
300 ## - PHYSICAL DESCRIPTION
Extent 207 p.
Dimensions 23 cm.
350 ## - PRICE (NR) (BK AM CF MU VM SE) [OBSOLETE]
Price $6.95
520 ## - SUMMARY, ETC.
Summary, etc. Educated far more than any other girl in the pioneer Indiana settlement, a young Quaker finds it difficult to adjust to her husband's family who find her worldly.
650 #1 - SUBJECT ADDED ENTRY--TOPICAL TERM
Topical term or geographic name entry element Frontier and pioneer life
General subdivision Fiction.
650 #1 - SUBJECT ADDED ENTRY--TOPICAL TERM
Topical term or geographic name entry element Quakers
General subdivision Fiction.
906 ## - LOCAL DATA ELEMENT F, LDF (RLIN)
a 7
b cbc
c orignew
d 2
e opcn
f 19
g y-gencatlg
942 ## - ADDED ENTRY ELEMENTS (KOHA)
Source of classification or shelving scheme Library of Congress Classification
Koha item type Books
Holdings
Withdrawn status Lost status Source of classification or shelving scheme Damaged status Not for loan Home library Current library Shelving location Date acquired Total checkouts Full call number Barcode Date last seen Price effective from Koha item type
    Library of Congress Classification     Main Library Main Library   05/27/2024   PZ 7 .H1965 Cas 1973 PIU0008715 05/27/2024 05/27/2024 Books